| 000 | 00616nam a2200229Ia 4500 | ||
|---|---|---|---|
| 008 | 180523s9999 xx 000 0 und d | ||
| 020 | _a81-7314-083-9 | ||
| 050 | _aMAIN HF 5549.5 | ||
| 050 | _b.M63R63 2002 | ||
| 100 | _aRobinson, John Frazer - | ||
| 245 | 0 | _aMastering motivation / | |
| 245 | 0 | _cJohn Frazer-Robinson. | |
| 260 | _aNew Delhi : | ||
| 260 | _bResearch Press, | ||
| 260 | _c2002 | ||
| 300 | _a63 pages : | ||
| 300 | _c23 cm. | ||
| 440 | _a60 minutes success skills series | ||
| 650 | _aEmployee motivation. | ||
| 650 | _aTeams in the workplace. | ||
| 650 | _xSupervision of employees. | ||
| 999 |
_c357174 _d357174 |
||